| 000 | 00666nam a2200217 a 4500 | ||
|---|---|---|---|
| 999 |
_c3311 _d3311 |
||
| 001 | 3311 | ||
| 003 | BD-JhCC | ||
| 005 | 20171112184932.0 | ||
| 008 | 171112s1398 b ||||| |||| 00| 0 ben d | ||
| 035 | _a(BD-JhCC) | ||
| 040 |
_aBD-JhCC _dBD-JhCC |
||
| 041 | _aben | ||
| 082 |
_a891.443 _bMOZ 1398 |
||
| 100 | _aমজুমদার, কমলকুমার | ||
| 245 |
_aগোলাপ সুন্দরী / _cকমলকুমার মজুমদার |
||
| 260 |
_aঢাকা : _bআনন্দ পাবলিশার্স, _c১৩৯৮ |
||
| 300 |
_a111 p. : _bill. ; _c20cm. |
||
| 650 | _aBengali Novel | ||
| 942 |
_2ddc _cBK |
||